ARRUPE JESUIT UNIVERSITY

CORONAVIRUS -STOP THE SPREAD - CLEAN,DISINFECT,COVER

First Light (Record no. 119247)

MARC details
000 -LEADER
fixed length control field 00482nam a22001457a 4500
008 - FIXED-LENGTH DATA ELEMENTS--GENERAL INFORMATION
fixed length control field 131213b xxu||||| |||| 00| 0 eng d
020 ## - INTERNATIONAL STANDARD BOOK NUMBER
International Standard Book Number 0232524122
050 ## - LIBRARY OF CONGRESS CALL NUMBER
Classification number BV250.W714 2001
245 ## - TITLE STATEMENT
Title First Light
Remainder of title Prayers from New Christian Communities
Statement of responsibility, etc edited by Eldred Willey; foreword by David Adam
260 ## - PUBLICATION, DISTRIBUTION, ETC. (IMPRINT)
Place of publication, distribution, etc London
Name of publisher, distributor, etc Darton, Longman and Todd Ltd
Date of publication, distribution, etc 2001
300 ## - PHYSICAL DESCRIPTION
Extent x, 213p.;
Dimensions 24cm.
650 ## - SUBJECT ADDED ENTRY--TOPICAL TERM
Topical term or geographic name as entry element Prayers
9 (RLIN) 5662
700 ## - ADDED ENTRY--PERSONAL NAME
Personal name Willey, Eldred (ed.)
9 (RLIN) 5663
942 ## - ADDED ENTRY ELEMENTS (KOHA)
Source of classification or shelving scheme Library of Congress Classification
Item type Monograph ( Printed materials)
Holdings
Withdrawn status Lost status Source of classification or shelving scheme Damaged status Not for loan Home library Current library Shelving location Date acquired Total Checkouts Full call number Barcode Date last seen Price effective from Koha item type
    Library of Congress Classification     ARRUPE LIBRARY ARRUPE LIBRARY Main Collection 13/12/2013   BV250.W714 2001 464122988 24/01/2017 13/12/2013 Monograph ( Printed materials)

 

Arrupe Library. PO Box MP320 Mt Pleasant, Harare, Zimbabwe
263 242 745411|librarian@aju.ac.zw